Lake and Rastall's textbook of geology (Record no. 80573)

MARC details
000 -LEADER
fixed length control field 00854nam a2200193 a 4500
008 - FIXED-LENGTH DATA ELEMENTS--GENERAL INFORMATION
fixed length control field 120416s1941 ||||||||||||||||| || u
020 ## - INTERNATIONAL STANDARD BOOK NUMBER
International Standard Book Number 0713121017
050 ## - LIBRARY OF CONGRESS CALL NUMBER
Classification number QE 28 Lak
100 ## - MAIN ENTRY--PERSONAL NAME
Personal name Lake, Philip, 1865-1949
245 10 - TITLE STATEMENT
Title Lake and Rastall's textbook of geology
Statement of responsibility, etc. 5th ed.; revised by R.H. Rastall.
250 ## - EDITION STATEMENT
Edition statement 5th ed.
260 ## - PUBLICATION, DISTRIBUTION, ETC.
Place of publication, distribution, etc. London
Name of publisher, distributor, etc. Edward Arnold
Date of publication, distribution, etc. 1941
300 ## - PHYSICAL DESCRIPTION
Extent viii, 491p. : ill
350 ## -
-- 0.00
650 ## - SUBJECT ADDED ENTRY--TOPICAL TERM
Topical term or geographic name entry element GEOLOGY--STUDY AND TEACHING
700 ## - ADDED ENTRY--PERSONAL NAME
Personal name Rastall, Robert Heron, 1871- joint author
995 ## -
-- ANNEX COLLECTION (Main Library)
-- 0.00
-- 717488
-- CBU-MAIN LIBRARY (Kitwe)
-- 1
-- 3.50
-- QE 28 Lak
-- 1
-- AVAILABLE
-- Mar 15, 2007
-- 020108
-- Annex Low-Usage Collection
995 ## -
-- TEXTBOOKS (MIN.ENG.)
-- 0.00
-- 03225
-- CBU-SCHOOL TEXTBOOK COLLECTIONS
-- 1
-- 0.00
-- SCHOOL TEXTBOOK
-- 2
-- AVAILABLE
-- Aug 12, 2009
-- 03225
-- School Collections
999 ## -
-- 80573
-- 80573
Holdings
Withdrawn status Lost status Source of classification or shelving scheme Damaged status Not for loan Permanent Location Current Location Shelving location Date acquired Total Checkouts Full call number Barcode Date last seen Copy number Price effective from Koha item type
          CBU-MAIN LIBRARY, KITWE. CBU-MAIN LIBRARY, KITWE.   06/30/2023   QE 28 Lak 020108 06/30/2023 1 06/30/2023 MONOGRAPH
          CBU-SCHOOL TEXT BOOK COLLECTION CBU-SCHOOL TEXT BOOK COLLECTION   06/30/2023   SCHOOL TEXTBOOK 03225 06/30/2023 2 06/30/2023 MONOGRAPH